000 00672nam a22001695i 4500
001 173542
003 ES-MaACL
005 20250824030021.0
008 091207s1807 sp |||| | spa d
080 _a792(460)"18
245 0 0 _aReglamento general para la dirección y reforma de teatros que S.M. se ha servido encargar al Ayuntamiento de Madrid
_b: por su Real orden de 17 de Diciembre de 1806 aprobado por otra de 16 de marzo de 1807.
260 _aMadrid :
_b[s.n.],
_c1807 (
_fImp. de la Hija de Ibarra)
300 _aLXXXVIII, 40 p. ;
_c21 cm.
650 1 7 _aTeatro-
_zEspaña-
_yS.XIX
_2
_9141742
852 _aES-MaACL
_jE-13233
999 _c173542
_d173542